Walt Disney World, EPCOT Attractions - Statistics

General Stats
  • This quiz has been taken 28 times
  • The average score is 8 of 18
Answer Stats
Hint Answer % Correct
World Showcase, Norway Frozen Ever After
86%
World Nature Living With The Land
82%
World Celebration Spaceship Earth
77%
World Discovery Test Track
73%
World Showcase, France Remy's Ratatouille Adventure
68%
World Discovery Guardians of the Galaxy: Cosmic Rewind
64%
World Nature The Seas with Nemo & Friends
64%
World Nature Soarin' Around the World
50%
World Showcase, United States The American Adventure
50%
World Celebration Journey Into Imagination With Figment
41%
World Showcase, Mexico Gran Fiesta Tour Starring The Three Caballeros
32%
World Showcase, France Beauty and the Beast Sing-Along
23%
World Showcase, France Impressions de France
23%
World Nature Awesome Planet
9%
World Showcase, Canada Canada Far and Wide in Circle-Vision 360
5%
World Celebration Disney and Pixar Short Film Festival
5%
World Nature Journey of Water, Inspired by Moana
5%
World Discovery Misson: SPACE
5%
No matching quizzes found
Score Distribution
Percent of People with Each Score
Percentile by Number Answered
Your Score History
You have not taken this quiz